Coronation of Shiva : (Record no. 39756)

MARC details
000 -LEADER
fixed length control field 00911nam a22002417a 4500
005 - DATE AND TIME OF LATEST TRANSACTION
control field 20100806133713.0
010 ## - LCCN (DPL NO)
LC control number ENG-98726
020 ## - INTERNATIONAL STANDARD BOOK NUMBER
International Standard Book Number 9788124114780
Terms of availability 795.00
035 ## - SYSTEM CONTROL NUMBER
System control number EN-82258
037 ## - SOURCE OF ACQUISITION
Source of stock number/acquisition DBAD/PUB
082 ## - DEWEY DECIMAL CLASSIFICATION NUMBER
Classification number 730.954
100 ## - MAIN ENTRY--PERSONAL NAME
Personal name Singh ,N.K.
245 ## - TITLE STATEMENT
Title Coronation of Shiva :
Remainder of title rediscovering masrur temple /
Statement of responsibility, etc by N.K. Singh
260 ## - PUBLICATION, DISTRIBUTION, ETC. (IMPRINT)
Place of publication, distribution, etc New Delhi
Name of publisher, distributor, etc Har-anand Publications
Date of publication, distribution, etc 2009
270 ## - ADDRESS
Address E-49/3, Okhla Industrial Area, Phase-11
City New Delhi
Postal code 110 020
300 ## - PHYSICAL DESCRIPTION
Extent 99p.:
Other physical details ill
Dimensions 28cm (Hb)
500 ## - GENERAL NOTE
General note Includes bibliographical references
650 ## - SUBJECT ADDED ENTRY--TOPICAL TERM
Topical term or geographic name as entry element Hindu, India
650 ## - SUBJECT ADDED ENTRY--TOPICAL TERM
Topical term or geographic name as entry element Gods , Hindu- in art HP.
650 ## - SUBJECT ADDED ENTRY--TOPICAL TERM
Topical term or geographic name as entry element Temples, Hindu-india HP.
942 ## - ADDED ENTRY ELEMENTS (KOHA)
Source of classification or shelving scheme Dewey Decimal Classification
Item type English Books
Classification part 730.954
Call number suffix SIN
Holdings
Withdrawn status Lost status Not for loan Collection code Home library Current library Date acquired Source of acquisition Cost, normal purchase price Full call number Barcode Copy number Cost, replacement price Koha item type
    Not For Loan Non-fiction D.B.Act.Division D.B.Act.Division 06/08/2010 DBAD/PUB 795.00 730.954 SIN EN-82258 1 795.00 English Books

© Delhi Public Library
Hit Counter
free hit counter